Prozaikov návrat od prvkov humoru a satiry k tónine skepsy

Bibliographic Details
Main Author: Petrík, Vladimír, 1929-2017 (Author)
Format: Article
Language:Slovak
Subjects:

MARC

LEADER 00000cab a2200000 a 4500
001 vtls000417235
003 SK-MaSNL
005 20260303221543.0
008 120925|1991 xo ||||||| || 0||slo|
015 |a SNBRB19rr/mm-uuuuu 
035 |a CL0417360 
040 |a SNKBUCL  |b slo  |c SNKBUCL  |e AACR2 
041 0 |a slo 
044 |a xo  |c SK 
072 7 |a 808  |x Literárny štýl. Literárna činnosť a technika. Efektívne využívanie jazyka. Spisovateľská činnosť  |2 konspekt 
080 |a 82:929:885.4  |2 1981 
080 |a 929  |2 1981 
080 |a 885.4  |2 1981 
080 |a 929 Hrúz, Pavel  |2 1981 
100 1 |a Petrík, Vladimír,  |d 1929-2017  |4 aut  |9 171168 
245 1 0 |a Prozaikov návrat  |b od prvkov humoru a satiry k tónine skepsy  |c Vladimír Petrík 
600 1 7 |a Hrúz, Pavel,  |d 1941-2008  |2 SNKPH  |9 93625 
650 0 7 |a literárna tvorba  |2 snkbucl  |9 4226 
655 7 |a prehľady  |2 snkbucl  |9 70194 
655 7 |a články z novín a časopisov  |2 snkbucl  |9 267496 
773 0 |t Národná obroda  |g Roč. 2, č. 114 (17. 5. 1991), s. 12 
850 |a Slovenská národná knižnica v Martine  |a MTA001 
852 |a SNK  |b KIS3GCP 
958 |a PETRIKApb/1991 
992 |a RBX 
999 |c 2234721  |d 2236651